Relationship Management in Service – What is Meant by Relationship Building, and What Significance Does it Have in the Luxury Hotel Industry

Na základe tézy, že budovanie vzťahov zostane základným faktorom úspechu v službách aj v budúcnosti, sú v tomto článku analyzované dve kľúčové otázky: Aké faktory charakterizujú budovanie vzťahu so zákazníkom alebo hosťom? A ako sa táto téma realizuje v praxi? Aby sme sa dostali k podstate týchto ot...

Ausführliche Beschreibung

Gespeichert in:
Bibliographische Detailangaben
1. Verfasser: Barthelt, Tobias, 1989-
Weitere Verfasser: Markovič, Peter, 1974-
Format: Buchkapitel
Sprache:Englisch
Schlagworte:
Tags: Tag hinzufügen
Keine Tags, Fügen Sie das erste Tag hinzu!

MARC

LEADER 00000naa a2200000 4500
001 0299618
005 20240502074538.5
041 0 |a eng 
044 |a SK 
245 1 0 |a Relationship Management in Service – What is Meant by Relationship Building, and What Significance Does it Have in the Luxury Hotel Industry  |c Tobias Barthelt, Peter Markovič 
520 |a Na základe tézy, že budovanie vzťahov zostane základným faktorom úspechu v službách aj v budúcnosti, sú v tomto článku analyzované dve kľúčové otázky: Aké faktory charakterizujú budovanie vzťahu so zákazníkom alebo hosťom? A ako sa táto téma realizuje v praxi? Aby sme sa dostali k podstate týchto otázok, boli ako kvalitatívna výskumná metóda vybrané pološtruktúrované expertné rozhovory. Získané výsledky ukazujú konsenzus medzi odborníkmi. V rozhovore povedali, že budovanie vzťahov je kľúčom k úspechu v službe, teraz aj v budúcnosti. Podrobnejšia analýza základných faktorov odhaľuje, že niektoré sú zložitejšie, ako by sa na prvý pohľad dalo predpokladať. Aj pohľad do praxe ukazuje, že realizácia témy „budovanie vzťahov“ sa ešte nestala súčasťou DNA väčšiny hotelov. 
610 2 0 |a riadenie 
610 2 0 |a riadenie vzťahov so zákazníkmi 
610 2 0 |a hotelierstvo 
100 1 |a Barthelt, Tobias, 1989- 
700 1 |a Markovič, Peter, 1974-